Επιδαύρια /
| Κύριος συγγραφέας: | |
|---|---|
| Μορφή: | Βιβλίο |
| Γλώσσα: | Greek |
| Έκδοση: |
[Athens] :
Athens Technological Organization, Athens Center of Ekistics,
1972.
Αθήναι : Αθηναϊκός Τεχνολογικός Όμιλος ; Αθηναϊκό Κέντρο Οικιστικής, 1972. |
| Σειρά: | Αρχαίες Ελληνικές Πόλεις (Aθηναϊκό Κέντρο Οικιστικής)
12. Ancient Greek Cities (Athens Center of Ekistics) 12. |
| Θέματα: |
| LEADER | 01734nam a2200277 i 4500 | ||
|---|---|---|---|
| 003 | GR-PaULI | ||
| 005 | 20241217104627.0 | ||
| 008 | 210923s1972 gr ab||g |||| 00| 0 gre d | ||
| 040 | |a GR-PaULI |b gre |c GR-PaULI |e AACR2 | ||
| 082 | 0 | 4 | |2 23 |a 938.6 |
| 100 | 1 | |9 158123 |a Φαράκλας, Νικόλας |e συγγραφέας. | |
| 245 | |a Επιδαύρια / |c Ν. Φαράκλας. | ||
| 260 | |a [Athens] : |b Athens Technological Organization, |b Athens Center of Ekistics, |c 1972. | ||
| 260 | |a Αθήναι : |b Αθηναϊκός Τεχνολογικός Όμιλος ; |b Αθηναϊκό Κέντρο Οικιστικής, |c 1972. | ||
| 300 | |a 1 τ. (ποικίλες σελιδαριθμήσεις) ; |b χάρτες ; |c 28 εκ. | ||
| 490 | 1 | |a Αρχαίες Ελληνικές Πόλεις / Aθηναϊκό Κέντρο Οικιστικής ; |v 12 | |
| 490 | 1 | |a Ancient Greek Cities / Athens Technological Organization ; |v 12 | |
| 500 | |a Περιλαμβάνει βιβλιογραφία. | ||
| 651 | 4 | |9 102002 |a Επίδαυρος (Αργολίδα) |x Αρχαιότητες. | |
| 830 | 0 | |a Αρχαίες Ελληνικές Πόλεις (Aθηναϊκό Κέντρο Οικιστικής) |9 187653 |v 12. | |
| 830 | 0 | |a Ancient Greek Cities (Athens Center of Ekistics) |9 207134 |v 12. | |
| 942 | |2 ddc |c BK | ||
| 952 | |0 0 |1 0 |2 ddc |4 0 |6 938_600000000000000_ΦΑΡ |7 0 |9 328843 |a LISP |b LISP |c DON |d 2021-09-24 |e ΓΑΛ |i 141615 |l 0 |o 938.6 ΦΑΡ |p 025000265266 |r 2021-09-24 00:00:00 |t 1 |w 2021-09-24 |y BKN | ||
| 952 | |0 0 |1 0 |2 ddc |4 0 |6 938_600000000000000_ΦΑΡ |7 0 |9 385826 |a LISP |b LISP |c BSC |d 2024-12-17 |e ΛΑΖ |i 368487 |l 0 |o 938.6 ΦΑΡ |p 025000313785 |r 2024-12-17 10:48:46 |t 2 |w 2024-12-17 |y BK15 | ||
| 998 | |c ΣΑΤΛΑΝΗΣ |d 2021-09 | ||
| 999 | |c 184184 |d 184184 | ||